000
00262nam a2200109Ia 4500
008
240625s9999 xx 000 0 und d
041
_a
eng
082
_a
658.05195 BLA
100
_a
BLACK KEN
245
_a
APPLIED BUSINESS STATISTICS MAKING BETTE
260
_c
2012
999
_c
40313
_d
40313